000 00514nam a22001577a 4500
008 151218b xxu||||| |||| 00| 0 eng d
020 _a9781479305490
050 _aPL 8046.A634 K19
100 _aKasahorow
_921396
245 _aAkan Learner's dictionary:
_bAkan-English, English-Akan
_c/ Kasahorow
260 _aAccra
_bPrivate
_c2015
300 _axxxiii, 133p.
_c21cm
650 _aAkan language
_xDictionaries
_xEnglish
_921397
650 _aEnglish language
_xDictionaries
_xAkan
_921398
942 _2lcc
_cMONOGRAPH
999 _c123905
_d123905